Faded - Alan Walker - Full Lyrics - Statistics

General Stats
  • This quiz has been taken 79 times
  • The average score is 128 of 179
Answer Stats
Answer % Correct
a
95%
I
95%
fade
93%
the
93%
The
93%
You
92%
you
92%
faded
90%
I'm
90%
are
87%
now?
82%
to
82%
Where
82%
me
80%
my
80%
of
78%
were
77%
Were
77%
in
75%
shadow
75%
sea
73%
away
70%
inside
70%
under
70%
Under
70%
lost
67%
Another
65%
light
65%
feel
63%
So
63%
dream
62%
it
62%
monster's
62%
see
60%
Did
58%
on
57%
star
55%
us?
53%
us
53%
alive
50%
all
50%
Atlantis
50%
fantasy?
50%
Was
48%
heart
45%
is
45%
wild
45%
Afraid
43%
imaginary?
43%
running
43%
Wanna
43%
go
42%
only
42%
out
42%
sight
38%
aim
35%
breathing
35%
dive
35%
letting
35%
our
35%
deeper
33%
fire
33%
never
33%
but
32%
needed
32%
set
30%
silence
30%
what
30%
Eternal
28%
These
28%
shallow
27%
waters
27%
lights
25%
alight
23%
bright
22%
met
18%
No matching quizzes found
Score Distribution
Percent of People with Each Score
Percentile by Number Answered
Your Score History
You have not taken this quiz